Reversing the trend (Record no. 74585)
[ view plain ]
| 000 -LEADER | |
|---|---|
| fixed length control field | 01220cab a2200229 4500 |
| 001 - CONTROL NUMBER | |
| control field | ABS68360 |
| 008 - FIXED-LENGTH DATA ELEMENTS--GENERAL INFORMATION | |
| fixed length control field | 041028n2004 000 0 eng u |
| 035 ## - SYSTEM CONTROL NUMBER | |
| System control number | (Sirsi) u127845 |
| 100 ## - MAIN ENTRY--PERSONAL NAME | |
| Personal name | Murdoch, S. |
| 245 ## - TITLE STATEMENT | |
| Title | Reversing the trend |
| 260 ## - PUBLICATION, DISTRIBUTION, ETC. | |
| Date of publication, distribution, etc. | 2004 |
| 490 ## - SERIES STATEMENT | |
| Series statement | Estates Gazette |
| Volume/sequential designation | (0439) 25 September 2004, 133(1) |
| 520 ## - SUMMARY, ETC. | |
| Summary, etc. | The right to sublet is often restricted or even prohibited by a covenant in a tenant's lease. Compares two different approaches taken by the courts with regards to consideration of subletting by tenants. In "Homebase Ltd and another v Allied Dunbar Assurance plc" ([2002] EWCA Civ 666, Abs65740), the CA agreed with the landlord's contention that the proposed sublease did not comply with the required preconditions. However in "NCR Ltd v Riverland Portfolio No 1 Ltd ([2004] EWHC 921, [2004] 16 EG 110(CS)) the payment of a reverse premium was accepted as a way of satisfying headlease conditions. |
| 590 ## - LOCAL NOTE (RLIN) | |
| Local note | ABS |
| 650 ## - SUBJECT ADDED ENTRY--TOPICAL TERM | |
| Topical term or geographic name entry element | REVERSE PREMIUM |
| 650 ## - SUBJECT ADDED ENTRY--TOPICAL TERM | |
| Topical term or geographic name entry element | SUBLETTING |
| 650 ## - SUBJECT ADDED ENTRY--TOPICAL TERM | |
| Topical term or geographic name entry element | HEADLEASES |
| 650 ## - SUBJECT ADDED ENTRY--TOPICAL TERM | |
| Topical term or geographic name entry element | HOMEBASE LTD AND ANOTHER V ALLIED DUNBAR ASSURANCE PLC |
| 650 ## - SUBJECT ADDED ENTRY--TOPICAL TERM | |
| Topical term or geographic name entry element | NCR LTD V RIVERLAND PORTFOLIO NO 1 LTD |
| 690 ## - LOCAL SUBJECT ADDED ENTRY--TOPICAL TERM (OCLC, RLIN) | |
| Topical term or geographic name as entry element | LANDLORD AND TENANT-LEASES |
| 942 ## - ADDED ENTRY ELEMENTS (KOHA) | |
| Suppress in OPAC | 0 |
| Withdrawn status | Lost status | Source of classification or shelving scheme | Damaged status | Not for loan | Home library | Current library | Shelving location | Date acquired | Total Checkouts | Full call number | Barcode | Date last seen | Copy number | Price effective from | Koha item type |
|---|---|---|---|---|---|---|---|---|---|---|---|---|---|---|---|
| Dewey Decimal Classification | London | London | Journal article | 28/10/2004 | ABS68360 | 127845-1001 | 06/08/2019 | 1 | 06/08/2019 | Journal article |